| 000 | 00607nam a22001577a 4500 | ||
|---|---|---|---|
| 003 | macl | ||
| 005 | 20190807134121.0 | ||
| 008 | 190807b xxu||||| |||| 00| 0 eng d | ||
| 040 | _cmacl | ||
| 082 | _a891.437/PAN | ||
| 100 |
_aपाण्डेय शशि _976152 |
||
| 245 | _aचौपट नगरी अंधर राजा (तीखे व्यंग्य लेखों का मीठा संग्रह ) | ||
| 260 |
_aदिल्ली _bदिल्ली पुस्तक सदन _c2018 |
||
| 650 |
_aव्यंग्य _976153 |
||
| 942 |
_2ddc _cHIN |
||
| 999 |
_c60679 _d60679 |
||